¿ Reconstrucción o desarrollo?

En este artículo se señala que tras el terremoto ocurrido en El Salvador el pasado 13 de enero del 2001, se visualiza el desconocimiento generalizado de la relación entre desarrollo y desastres. Se hace una crítica al discurso presidencial referido al desastre y las interpretaciones oficiales sobre...

全面介紹

Guardado en:
書目詳細資料
格式: Texto
主題:
標簽: 添加標簽
沒有標簽, 成為第一個標記此記錄!

MARC

LEADER 00000 a a2200000 04500
001 6431
003
040
245 |a ¿ Reconstrucción o desarrollo?  
520 |a En este artículo se señala que tras el terremoto ocurrido en El Salvador el pasado 13 de enero del 2001, se visualiza el desconocimiento generalizado de la relación entre desarrollo y desastres. Se hace una crítica al discurso presidencial referido al desastre y las interpretaciones oficiales sobre la vulnerabilidad (no hay relación entre "el número de fallecidos y el tipo de construcción" entre otros puntos). Entre las consideraciones finales se dice que es necesario definir un plan de desarrollo desde una perspectiva más amplia que incorpore las dimensiones económicas y sociales que intervienen en la gestación de riesgos y desastres. /MSD  
650 |a DESASTRES  
650 |a TERREMOTOS  
650 |a GOBIERNO  
650 |a PLANES DE DESARROLLO  
773 |g volumen 21, número 938; páginas 4-7  
999 |c 36012  |d 36012